<?xml version="1.0" encoding="UTF-8"?>
<collection xmlns="http://www.loc.gov/MARC21/slim">
 <record>
  <leader>     na                 </leader>
  <controlfield tag="001">INLIS000000000000101</controlfield>
  <controlfield tag="005">20220326092015</controlfield>
  <datafield tag="035" ind1=" " ind2=" ">
   <subfield code="a">0010-0322000100</subfield>
  </datafield>
  <controlfield tag="007">ta</controlfield>
  <controlfield tag="008">220326                b          0 eng  </controlfield>
  <datafield tag="020" ind1=" " ind2=" ">
   <subfield code="a">978-979-063-893-8</subfield>
  </datafield>
  <datafield tag="082" ind1=" " ind2=" ">
   <subfield code="a">899.221.3</subfield>
  </datafield>
  <datafield tag="084" ind1=" " ind2=" ">
   <subfield code="a">899.221.3 SET k</subfield>
  </datafield>
  <datafield tag="100" ind1="0" ind2=" ">
   <subfield code="a">Setiawan G. Sasongko</subfield>
  </datafield>
  <datafield tag="245" ind1="1" ind2=" ">
   <subfield code="a">Kalong Kelelawar Terbesar :</subfield>
   <subfield code="b">Kalong the Biggest  Bat /</subfield>
   <subfield code="c">Setiawan G. Sasongko</subfield>
  </datafield>
  <datafield tag="250" ind1=" " ind2=" ">
   <subfield code="a">Cet.1</subfield>
  </datafield>
  <datafield tag="260" ind1=" " ind2=" ">
   <subfield code="a">Jakarta :</subfield>
   <subfield code="b">Bestari Kids,</subfield>
   <subfield code="c">2014</subfield>
  </datafield>
  <datafield tag="300" ind1=" " ind2=" ">
   <subfield code="a">35 hlm. :</subfield>
   <subfield code="b">ilus. ;</subfield>
   <subfield code="c">25 cm.</subfield>
   <subfield code="e">-</subfield>
  </datafield>
  <datafield tag="700" ind1="0" ind2=" ">
   <subfield code="a">ilustrasi, Mahari A.P</subfield>
  </datafield>
  <datafield tag="700" ind1="0" ind2=" ">
   <subfield code="a">editor, End4h</subfield>
  </datafield>
  <datafield tag="520" ind1=" " ind2=" ">
   <subfield code="a">-</subfield>
  </datafield>
  <datafield tag="600" ind1=" " ind2="4">
   <subfield code="a">Setiawan G. Sasongko</subfield>
  </datafield>
  <datafield tag="856" ind1=" " ind2=" ">
   <subfield code="a">-</subfield>
  </datafield>
  <datafield tag="990" ind1=" " ind2=" ">
   <subfield code="a">0260</subfield>
  </datafield>
  <datafield tag="990" ind1=" " ind2=" ">
   <subfield code="a">0261</subfield>
  </datafield>
  <datafield tag="990" ind1=" " ind2=" ">
   <subfield code="a">0262</subfield>
  </datafield>
 </record>
</collection>
